Estatísticas para Presidentes do Brasil por Frases

Clique aqui para jogar o quiz

Estatísticas Gerais

  • Esse quiz foi jogado 199 vezes
  • A pontuação média é 11 de 17

Estatísticas das Respostas

FrasePresidente% Correto
"O Brasil acima de tudo. Deus acima de todos."Jair Bolsonaro
92%
"Saio da vida para entrar na História"Getúlio Vargas
89%
"O Brasil vai viver 50 anos em 5."Juscelino Kubitscheck
87%
"Precisamos vencer a fome, a miséria e a exclusão social. Nossa guerra não é para matar ninguém - é para salvar vidas!"Luís Inácio Lula da Silva
87%
"Nós não vamos colocar uma meta. Nós vamos deixar uma meta aberta. Quando a gente atingir a meta, nós dobramos a meta"Dilma Rousseff
83%
"Digam ao povo brasileiro que a República está feita."Deodoro da Fonseca
79%
"Não me perdoam por ter chegado ao poder passando por cima do cadáver de Tancredo Neves."José Sarney
73%
"Isso é outra coisa que precisa acabar no Brasil, essa mentalidade atrasada de que o presidente vai passear. Tenha paciência."Fernando Henrique Cardoso
63%
"Ajustem o novo Brasil às exigências do Brasil novo. Com esse Congresso, eu não posso governar"Jânio Quadros
56%
"A esquerda é boa para duas coisas: organizar manifestações de rua e desorganizar a economia."Castello Branco
55%
"A economia vai bem, mas o povo vai mal"Emílio Garrastazu Médici
55%
"O poder é como um salame, toda vez que você o usa bem, corta só uma fatia, quando o usa mal, corta duas, mas se não o usa, cortam-se três e, em qualquer caso, ele fica sempre menor."Artur da Costa e Silva
52%
"Os números não mentem, mas os mentirosos fabricam números."Itamar Franco
52%
"Não posso obrigar o povo a gostar de mim. Sou o que sou, não vou mudar para que o povo goste."João Figueiredo
52%
"A minha condição de soldado não emprestará uma feição militarista ao meu governo"Hermes da Fonseca
39%
"O Brasil precisa, muito mais, que contenhamos o governo nos seus arbítrios, que a imprensa nos seus excessos."Nilo Peçanha
26%
"O meu lugar é aqui!"Rodrigues Alves
21%

Distribuição das Pontuações

Percentil de Números Respondidos

Porcentagem de Pessoas com Cada Pontuação

Sua Pontuação Histórica

Você não jogou esse quiz